| 000 | 00444nam a2200169Ia 4500 | ||
|---|---|---|---|
| 008 | 180921t1999 xxu||||| |||| 00| 0 sin d | ||
| 041 | _asin | ||
| 080 |
_a635 _bMAT |
||
| 100 | _aMatharage, Thilak | ||
| 245 | _aඋද්යාන කළමනාකරණය | ||
| 246 | _aGarden management | ||
| 260 |
_bS. Godage _aColombo _c1999 |
||
| 300 | _a106p., 22 cm | ||
| 942 | _cBK | ||
| 999 |
_c14301 _d14301 |
||
| 003 | LK-CoDNM | ||
| 040 |
_aLK-CoDNM _dLK-CoDNM _eLK-CoDNM |
||